000 00694nam a22002297a 4500
003 0
005 20241002100855.0
008 241002b xxu||||| |||| 00| 0 eng d
020 _a9781368062893
050 _aPZ 7
_b.L3725 2020
100 _aLashner, William,
_eauthor.
245 _aElizabeth Webster and the Portal of Doom /
_cWilliam Lashner.
260 _aNew York, NY :
_bLittle, Brown and Company,
_c2020.
300 _a321 p. ;
_c22 cm.
650 _aJustice, Administration of
_vFiction.
650 _aLawyers
_vFiction.
650 _aVampires
_vFiction.
650 _aFriendship
_vFiction.
650 _aMiddle schools
_vFiction.
650 _aSchools
_vFiction.
942 _2lcc
_cBK
999 _c366434
_d366434